000
00267nam a22000977a 4500
999
_c
11705
_d
11705
008
200110b ||||| |||| 00| 0 eng d
020
_a
0439448069
100
_a
Osborne Pope Mary
_9
7376
245
_a
Stage Fright on the Summer Night
260
_a
New York
_b
Scholastic
_c
2002